|
|
|
|
| LEADER |
01055nam a2200325 4500 |
| 001 |
DLU090095077 |
| 005 |
##20091201 |
| 040 |
# |
# |
|a DLU
|b eng
|
| 041 |
# |
# |
|a eng
|
| 044 |
# |
# |
|a us
|
| 100 |
# |
# |
|a Zeng, Eddy Y.
|
| 245 |
# |
# |
|a Development of a solid-phase microextraction-based method for sampling of persistent chlorinated hydrocarbons in an urbanized coastal environment /
|c Eddy Y. Zeng, David Tsukada, Dario W. Diehl.
|
| 653 |
# |
# |
|a Chemical analysis
|
| 653 |
# |
# |
|a Chlorocarbon
|
| 653 |
# |
# |
|a Halogenated hydrocarbon
|
| 653 |
# |
# |
|a Organic compounds
|
| 653 |
# |
# |
|a Seawater
|
| 653 |
# |
# |
|a Water pollution
|
| 700 |
# |
# |
|a Diehl, Dario W.
|
| 700 |
# |
# |
|a Tsukada, David.
|
| 773 |
# |
# |
|t Environmental Science & Technology
|g Vol. 38, no. 21 (November 2004), p. 5737-5743
|
| 920 |
# |
# |
|a Phòng Tạp chí -- Trung tâm Thông tin - Thư viện Trường Đại học Đà Lạt
|
| 994 |
# |
# |
|a DLU
|
| 900 |
# |
# |
|a True
|
| 911 |
# |
# |
|a Trương Bảo Trâm Anh
|
| 925 |
# |
# |
|a G
|
| 926 |
# |
# |
|a A
|
| 927 |
# |
# |
|a BB
|
| 980 |
# |
# |
|a Thư viện Trường Đại học Đà Lạt
|